00526nam a2200157Ia 450000500170000000800410001704100080005808200130006610000280007924500420010726000400014930000090018965000220019899900190022095201290023920250729165656.0250729s2007 xx 000 0 und d akan a370 YADU aDr.S.B.Yadawada9230298 aPragathishila Bharathadalli Shikshana aGadagabVidyanidhi Prakashanac2007 a586p aEducation9230299 c238712d238712 00104070aALbALd2025-07-29eManagement Booksg350.00l0o370 YADUpBED04031r2025-07-29 16:56:56v350.00w2025-07-29yBK